LEADER 00886nam0-2200289 --450 001 9910252960103321 005 20180205101907.0 010 $a978-88-548-8365-9 020 $aIT$b2016-6465 100 $a20180205d2015----kmuy0itay5050 ba 101 0 $aita 102 $aIT 105 $a 001yy 200 1 $aTra atlantismo e scelta araba$eDemocrazia Cristiana e Medio Oriente nell'età del centrismo$fRosaria Leonardi 210 $aAriccia$cAracne$d2015 215 $a422 p.$d23 cm 225 1 $aMappamondi$v16 610 0 $aDemocrazia cristiana$aPolitica estera$a1948-1962 676 $a324.2450822$v23$zita 700 1$aLeonardi,$bRosaria$0749438 801 0$aIT$bUNINA$gREICAT$2UNIMARC 901 $aBK 912 $a9910252960103321 952 $aCOLLEZ. 2443 (16)$b1954/2017$fFSPBC 959 $aFSPBC 996 $aTra atlantismo e scelta araba$91508834 997 $aUNINA LEADER 01241nam0 22003133i 450 001 RML0377234 005 20231121125800.0 100 $a20150130d1985 ||||0itac50 ba 101 | $aspa 102 $ape 181 1$6z01$ai $bxxxe 182 1$6z01$an 200 1 $aPoblacio?n y desarrollo en el Peru?$fRichard L. Clinton 210 $a[Lima]$cUniversidad de Lima, Oficina coordinadora de investigacion cientifica$d[1985] 215 $a207 p.$d21 cm. 225 | $aPublicaciones de la Universidad de Lima$v1 410 0$1001RML0377235$12001 $aPublicaciones de la Universidad de Lima$v1 606 $aDemografia$xPerù$2FIR$3RMLC425846$9E 606 $aSviluppo economico$xPerù$2FIR$3RMLC425847$9E 676 $a338.972$9Sviluppo economico. America centrale.$v22 700 1$aClinton$b, Richard Lee$3PUVV194693$4070$01446521 801 3$aIT$bIT-01$c20150130 850 $aIT-FR0017 899 $aBiblioteca umanistica Giorgio Aprea$bFR0017 $eN 912 $aRML0377234 950 0$aBiblioteca umanistica Giorgio Aprea$d 52MAG 5/1758$e 52MAG0000195565 VMB RS $fA $h20150130$i20150130 977 $a 52 996 $aPoblacio?n y desarrollo en el Peru?$93633513 997 $aUNICAS